Дело о постройке здания Волковыского высшего начального училища

Доступно только в Электронных читальных залах Найти на картеНа карте
RUSMARC
00003678nmc2a22002413x 450
001775cea09-e475-4d61-849b-8b52f56a6077
00520201216223249.0
100##$a20200325l19121914k l0rusy0189 ca
1010#$arus
102##$aRU
105##$ay###
1222#$ad
2001#$aДело о постройке здания Волковыского высшего начального училища
$j3 декабря 1912 г. - 7 февраля 1914 г.
215##$a14 л.
$d36,5х26 см
251##$cДело
300##$aДело
371##$aДокумент не является опубликованным и широко распространяемым
461#0$1001a74412a3-3cc5-4d21-8f0a-dfe2fbd9e72d
$12001
$aДепартамент народного просвещения Министерства народного просвещения (1803-1917)
$1251
$cФонд
$1852
$j733
462#0$1001de44f274-01d8-41ba-8482-7eb0224f7e61
$12001
$aДела разряда учительских институтов, семинарий и низших учебных заведений
$1251
$cОпись
$1852
$j179
801#0$aRU
$bРГИА
$c20200325
$gRCR
801#1$aRU
$bГлавНИВЦ
$c20200325
$2rusmarc
801#2$aRU
$bПБ им. Б.Н. Ельцина
$c20201216
$gRCR
$2rusmarc
850##$aРГИА
852##$aРГИА
$eФедеральное казенное учреждение "Российский государственный исторический архив" (РГИА)
$j205
937##$hРГИА
$d12341906
$aASBIBLIO_SCAN
035##$aRusGRCC00004091
856##$uhttp://readingroom.main.prlib.ru/item.aspx?id_node=n152440365&mode=full
Формат отображения